000 00544nam a2200181Ia 4500
008 090124s9999 xx 000 0 und d
082 _b28810
100 _aरजनीश भगवान
245 _a गीता दर्शन
250 _a1
260 _bजीवन जागृती केंद्र
_c1975
300 _a434
600 _aरजनीश भगवान
630 _a गीता दर्शन
700 _aरजनीश भगवान
730 _a गीता दर्शन
942 _cBOOK
999 _c94581
_d94581